LEADER 01305nam a2200277 a 4500 001 000000120663 003 CaOOAMICUS 005 20100310154859.0 008 100310t2000 enk u000 u eng r 020 $a0-312-23363-9 040 $aPUL$bita$dReb 245 00$aManaging knowledge :$bcritical investigations of work and learning /$cEdited by Craig Prichard, Richard Hull, Mike Chumer and Hugh Willmott. 260 $aHoundmills :$bPalgrave Macmillan,$c©2000. 300 $axxx, 255 p. :$bgraf. ;$c23 cm 504 $aInclude riferimenti bibliografici ed indice. 650 4$aManagement.$0(OLS)http://pul/subject/25573 700 1 $aChumer, Mike.$0(OLS)http://pul/name/75493 700 1 $aWillmott, Hugh.$0(OLS)http://pul/name/75494 700 1 $aHull, Richard.$0(OLS)http://pul/name/75492 700 1 $aPrichard, Craig.$0(OLS)http://pul/name/75491 850 $aPUL 852 $aPUL$W1$xSL Cons. Gen., Altre Classi 3$y75$m658. 4 PRICR 1$j138288$qDDC 21$B137516$CPULBib$Z2$F137516 $H111572 $82 941 1 $a9 996 $6020$a0-312-23363-9$9(OLS)http://pul/number/143556 996 $6245$aManaging knowledge :$bcritical investigations of work and learning$9(OLS)http://pul/title/151729 996 $6260$aHoundmills :$bPalgrave Macmillan$9(OLS)http://pul/publisher/75862 LEADER 01863nam a2200361 a 4500 001 000000172570 003 CaOOAMICUS 005 20190826161703.0 008 190826s2019 it u000 u ita r 020 $a978-88-08-26912-6* 032 $aLibriCat 040 $aPUL$bita 082 04$a347.4505 100 1 $aCanella, Maria Giulia.$0(OLS)http://pul/name/110813 245 10$aDel titolo esecutivo e del precetto ; Dell'espropriazione forzata in generale : $bart 474-512 / $cMaria Giulia Canella. 246 04$aTitolo esecutivo e precetto ; espropriazione forzata in generale 260 $aBologna :$bZanichelli,$c©2019. 300 $aXXIX, 801 p. ;$c24 cm 490 1 $aCommentario del Codice di Procedura civile.$aLibro terzo :$aDel processo di esecuzione ;$vArt.474-512. 500 $aLa collana è curata da Sergio Chiarloni. 504 $aContiene riferimenti bibliografici e indice. 650 4$aProcesso civile.$0(OLS)http://pul/subject/21811 700 1 $aChiarloni, Sergio.$0(OLS)http://pul/name/12062 830 0$aCommentario del codice di procedura civile. Libro terzo:$bDel processo di esecuzione ;$vart. 474-512.$0(OLS)http://pul/title/213536 850 $aPUL 852 $aPUL$W1$xSL Diritto e Scienze Sociali 3$y79$m347. 4505 CHISE 1.474$j196517$qDDC 21$B201279$CPULBib$Z2$F201279 $H133246 $82 941 1 $a9 996 $6020$a978-88-08-26912-6*$9(OLS)http://pul/number/166648 996 $6082$a347.4505$9(OLS)http://pul/classification/2032 996 $6245$aDel titolo esecutivo e del precetto ; Dell'espropriazione forzata in generale : $bart 474-512 / $9(OLS)http://pul/title/213535 996 $6246$aTitolo esecutivo e precetto ; espropriazione forzata in generale$9(OLS)http://pul/title/213537 996 $6260$aBologna :$bZanichelli$9(OLS)http://pul/publisher/48255